Smash it up (Record no. 70614)

MARC details
000 -LEADER
fixed length control field 01257cam a2200229 4500
001 - CONTROL NUMBER
control field ABS65585
008 - FIXED-LENGTH DATA ELEMENTS--GENERAL INFORMATION
fixed length control field 020628n2002 000 0 eng u
035 ## - SYSTEM CONTROL NUMBER
System control number (Sirsi) u118584
245 ## - TITLE STATEMENT
Title Smash it up
260 ## - PUBLICATION, DISTRIBUTION, ETC.
Date of publication, distribution, etc. 2002
490 ## - SERIES STATEMENT
Series statement Mining Quarrying and Recycling
Volume/sequential designation 31(4) May 2002, 24-27(3)
520 ## - SUMMARY, ETC.
Summary, etc. National targets for the use of recycled aggregates are set out in "Minerals Planning Guidance Note 6" 1994 and currently under review. According to the Quarry Products Association the 2001 target for 40m tonnes was exceeded. The target for 2006 is 55m tonnes. The article explores what the future may hold for the fastest growing sector of the aggregates industry. Describes a recent road construction project using Glasphalt - waste green glass in asphalt. The Aggregates Information Service (AID) publish digests on the Viridis website www.viridis.co.uk/ais which outline the latest developments from the sector.
590 ## - LOCAL NOTE (RLIN)
Local note ABS
650 ## - SUBJECT ADDED ENTRY--TOPICAL TERM
Topical term or geographic name entry element RECYCLED AGGREGATES
650 ## - SUBJECT ADDED ENTRY--TOPICAL TERM
Topical term or geographic name entry element MINERALS PLANNING GUIDANCE NOTE SIX
650 ## - SUBJECT ADDED ENTRY--TOPICAL TERM
Topical term or geographic name entry element AGGREGATES INDUSTRY
650 ## - SUBJECT ADDED ENTRY--TOPICAL TERM
Topical term or geographic name entry element BUILT ENVIRONMENT-BUILDING MATERIALS
650 ## - SUBJECT ADDED ENTRY--TOPICAL TERM
Topical term or geographic name entry element RECYCLED MATERIALS
650 ## - SUBJECT ADDED ENTRY--TOPICAL TERM
Topical term or geographic name entry element WASTE MATERIALS
690 ## - LOCAL SUBJECT ADDED ENTRY--TOPICAL TERM (OCLC, RLIN)
Topical term or geographic name as entry element BUILT ENVIRONMENT-SUSTAINABLE CONSTRUCTION
942 ## - ADDED ENTRY ELEMENTS (KOHA)
Suppress in OPAC 0
Holdings
Withdrawn status Lost status Source of classification or shelving scheme Damaged status Not for loan Home library Current library Shelving location Date acquired Total Checkouts Full call number Barcode Date last seen Copy number Price effective from Koha item type
    Dewey Decimal Classification     London London Journal article 28/06/2002   ABS65585 118584-1001 06/08/2019 1 06/08/2019 Journal article